000
00337nam a2200145Ia 4500
008
150201s2000 xx 000 0 und d
082
_a
611
_b
G2000G
100
_a
GRAY'S
245
_a
GRAYS ANATOMY
250
_a
38TH
260
_b
CHURCHILL LIVINGSTONE
_a
EDINBURGH
_c
2000
300
_a
Jan-92
650
_a
ANATOMY
942
_2
ddc
_c
BK
_0
1
999
_c
2483
_d
2483